00615nam a2200217Ia 4500008004100000020001500041040000600056041001200062082001100074082001100085100002000096245008500116245002000201250002500221260001000246260001800256260000900274300005500283300000900338650005000347141004s9999 xx 000 0 und d a8176220094 ca aEnglish a581.94 bBEN/HA aGeorge Bentham aHand book of the british flora : A description of the flowering plants and ferns cGeorge Bentham a7th  aDelhi bBiotech books c1997 alxxx+584p  b22cm aDescription of the flowering plants and ferns